Komplexné manažérstvo kvality
Saved in:
| Main Author: | |
|---|---|
| Format: | Book |
| Language: | Slovak |
| Published: |
Bratislava
Iura Edition
2013
|
| Series: | Ekonómia
|
| Subjects: | |
| Tags: |
No Tags, Be the first to tag this record!
|
MARC
| LEADER | 00000nam a2200000 4500 | ||
|---|---|---|---|
| 001 | 0204334 | ||
| 005 | 20240314094343.7 | ||
| 020 | |a 978-80-8078-574-1 | ||
| 041 | 0 | |a slo | |
| 044 | |a SK | ||
| 245 | 1 | 0 | |a Komplexné manažérstvo kvality |c Iveta Paulová |
| 264 | 1 | |a Bratislava |b Iura Edition |c 2013 | |
| 300 | |a 160 s. | ||
| 490 | 1 | |a Ekonómia | |
| 830 | 0 | |a Ekonómia | |
| 610 | 2 | 0 | |a riadenie kvality |
| 610 | 2 | 0 | |a kvalita |
| 610 | 2 | 0 | |a manažment |
| 610 | 2 | 0 | |a porovnanie medzinárodné |
| 610 | 2 | 0 | |a benchmarking |
| 610 | 2 | 0 | |a normy |
| 610 | 2 | 0 | |a dokumentácia |
| 610 | 2 | 0 | |a modely |
| 100 | 1 | |a Paulová, Iveta | |